书目信息 |
| 题名: |
化学反应工程
|
|
| 作者: | 靳海波 主编 | |
| 分册: | ||
| 出版信息: | 北京 中国石化出版社 2012.3 |
|
| 页数: | 220页 | |
| 开本: | 26cm | |
| 丛书名: | ||
| 单 册: | ||
| 中图分类: | TQ03 | |
| 科图分类: | ||
| 主题词: | 化学反应工程--高等学校--教材 | |
| 电子资源: | ||
| ISBN: | 978-7-5114-1422-9 | |
| 000 | 01208nam0 2200277 45 | |
| 001 | 1354553202 | |
| 005 | 20130510085337.34 | |
| 010 | @a978-7-5114-1422-9@dCNY36.00 | |
| 100 | @a20130108d2012 em y0chiy0121 ea | |
| 101 | 0 | @achi |
| 102 | @aCN@b110000 | |
| 105 | @aak a 000yy | |
| 106 | @ar | |
| 200 | 1 | @a化学反应工程@AHua Xue Fan Ying Gong Cheng@f靳海波主编@FJin Hai Bo Zhu Bian |
| 205 | @a2版 | |
| 210 | @a北京@c中国石化出版社@d2012.3 | |
| 215 | @a220页@c图@d26cm | |
| 300 | @a普通高等教育“十二五”规划教材 | |
| 304 | @a题名页题: 副主编罗国华, 李金莲, 王东光, 刘峙嵘 | |
| 320 | @a有书目 (第220页) | |
| 330 | @a本书是化学反应工程的基础教材, 主要内容包括了均相反应动力学、理想反应器、非理想流动、催化剂与非均相反应动力学、固定床反应器、气液反应过程与反应器以及流态化反应过程与反应器等。为了能够更加接近化工生产实际过程, 本书除了从教学需要出发安排若干基础训练的例题外, 在部分章节中还有已安排了一些从设计实例中取材的大型例题, 以期使学生通过这些例题的讲解, 了解工程设计的特点, 掌握解决问题所常用的方法, 学以致用。 | |
| 606 | 0 | @a化学反应工程@x高等学校@j教材 |
| 690 | @aTQ03@v5 | |
| 701 | @a靳海波@AJin Hai Bo@4主编 | |
| 801 | @aCN@bTANGWEI@c20130111 | |
| 905 | @b0830854-56@dTQ03@e201=2@f3 | |
| 化学反应工程/靳海波主编.-2版.-北京:中国石化出版社,2012.3 |
| 220页:图;26cm |
| 普通高等教育“十二五”规划教材 |
| ISBN 978-7-5114-1422-9:CNY36.00 |
| 本书是化学反应工程的基础教材, 主要内容包括了均相反应动力学、理想反应器、非理想流动、催化剂与非均相反应动力学、固定床反应器、气液反应过程与反应器以及流态化反应过程与反应器等。为了能够更加接近化工生产实际过程, 本书除了从教学需要出发安排若干基础训练的例题外, 在部分章节中还有已安排了一些从设计实例中取材的大型例题, 以期使学生通过这些例题的讲解, 了解工程设计的特点, 掌握解决问题所常用的方法, 学以致用。 |
| ● |
| 相关链接 |
|
|
|
|
正题名:化学反应工程
索取号:TQ03/201=2
 
预约/预借
| 序号 | 登录号 | 条形码 | 馆藏地/架位号 | 状态 | 备注 |
| 1 | 0830854 | 208308543 | 第二样本阅览室/ [索取号:TQ03/201=2] | 在馆 | |
| 2 | 0830855 | 208308552 | 密集书库-化学系/ [索取号:TQ03/201=2] | 在馆 | |
| 3 | 0830856 | 208308561 | 第三借阅区/ [索取号:TQ03/201=2] | 在馆 |